| 000 | 00980nam a22002295i 4500 | ||
|---|---|---|---|
| 001 | 167714 | ||
| 003 | ES-MaACL | ||
| 005 | 20251011063151.0 | ||
| 008 | 940628s1888 sp |||| | spa d | ||
| 040 |
_aCAT _bspa _cCAT _dCCPB |
||
| 080 | _a616 | ||
| 100 | 2 |
_aViura y Carreras, Juan, _d1851-1933 _9133801 |
|
| 245 | 1 | 3 |
_aLa Coqueluche _b: su naturaleza y tratamiento / _cpor el Dr. Viura y Carreras. |
| 260 |
_aBarcelona : _b[s.n.], _c1888 ( _fEstablecimiento Tipográfico Editorial La Academia) |
||
| 300 |
_a16 p. ; _c26 cm. |
||
| 500 | _aEn port.: "Comunicación presentada al Congreso Médico Internacional celebrado en Barcelona en septiembre de 1888" | ||
| 650 | 7 |
_aEnfermedades infecciosas _2embne _9135986 |
|
| 650 | 4 |
_aTosferina. _9139259 |
|
| 711 | 2 |
_aCongreso Internacional de Medicina ( _d1888. _cBarcelona) _9135106 |
|
| 852 |
_aES-MaACL _jT-525-F-5 _z-- Enc. hol., conservando la cub. original _z-- Enc. en un vol. facticio |
||
| 999 |
_c167714 _d167714 |
||